| 000 | 00344nam a22001337a 4500 | ||
|---|---|---|---|
| 003 | SGT | ||
| 020 | _a9780195645644 | ||
| 082 |
_a343.54 _bPRI |
||
| 100 | _aPRICE MONROE E | ||
| 245 |
_aBROADCASTING REFORM IN INDIA _bMEDIA LAW FROM A GLOBAL PERSPECTIVE |
||
| 260 |
_aNEW DELHI _bOXFORD UNIVERSITY PRESS _c1998 |
||
| 300 | _a377 | ||
| 942 |
_2ddc _cBK |
||
| 999 |
_c25545 _d25545 |
||